000 01808nam0a22003611 4500
001 rc\3804251
005 20120311164646.0
021 _aRU
_b[75-97640]
035 _a(NLR Aleph) 007257190
090 _a5268294
_c5268294
100 _a20120311d1975 |||y0rusy50 ca
101 0 _arus
102 _aRU
105 _aa z |||||
200 1 _aКомплексная аппаратура для геофизических исследований нефтяных и газовых скважин
_f[Балуев С.К., Исхакова Н.В., Тарасов В.Н., Терегулов О.А.]
_gВсесоюз. науч.-исслед. ин-т организации, управления и экономики нефтегазовой пром-сти
210 _aМосква
_cВНИИОЭНГ
_d1975
215 _a71 с.
_cил.
_d20
225 1 _aОбзор зарубежной литературы
_iСерия "Нефтегазовая геология и геофизика"
300 _aНа обл. загл. сер.: Обзоры...
320 _aСписок лит.: с. 67-70 (96 назв.)
606 _aНефтяные скважины
_xКаротаж
_2psbo
606 _aГеофизические приборы
_2psbo
606 _aГазовые скважины
_xКаротаж
_2psbo
701 1 _aИсхакова
_bН. В.
701 1 _aТарасов
_bВ. Н.
701 1 _aТерегулов
_bО. А.
701 1 _aБалуев
_bС. К.
712 0 2 _aВсесоюзный науч.-исслед. ин-т организации, управления и экономики нефтегазовой промышленности
_3RU\NLR\AUTH\889941164
801 0 _aRU
_bNLR
_gpsbo
801 1 _aRU
_bELAR
_2rusmarc
852 _aNLR
_j76-4/8246
942 _cBOOK
980 _aNB